<?xml version="1.0" encoding="UTF-8"?>
<record
    xmlns:xsi="http://www.w3.org/2001/XMLSchema-instance"
    xsi:schemaLocation="http://www.loc.gov/MARC21/slim http://www.loc.gov/standards/marcxml/schema/MARC21slim.xsd"
    xmlns="http://www.loc.gov/MARC21/slim">

  <leader>03293cam a2200265   4500500</leader>
  <controlfield tag="005">20250123112430.0</controlfield>
  <datafield tag="041" ind1=" " ind2=" ">
    <subfield code="a">fre</subfield>
  </datafield>
  <datafield tag="042" ind1=" " ind2=" ">
    <subfield code="a">dc</subfield>
  </datafield>
  <datafield tag="100" ind1="1" ind2="0">
    <subfield code="a">Talbot, Marie-Christine</subfield>
    <subfield code="e">author</subfield>
  </datafield>
  <datafield tag="245" ind1="0" ind2="0">
    <subfield code="a">La construction identitaire des &#xE9;ducateurs de jeunes enfants en alternance&#xA0;: ou comment l&#x2019;usage du construit de reliance participe-t-il de la r&#xE9;orientation de leur&#xA0;projet professionnel en cours de formation&#xA0;?</subfield>
  </datafield>
  <datafield tag="260" ind1=" " ind2=" ">
    <subfield code="c">2016.
							</subfield>
  </datafield>
  <datafield tag="500" ind1=" " ind2=" ">
    <subfield code="a">13</subfield>
  </datafield>
  <datafield tag="520" ind1=" " ind2=" ">
    <subfield code="a">Si les &#xE9;l&#xE9;ments de contexte, tels que les politiques sociales ou le monde du travail en mutation, viennent en partie &#xE9;clairer l&#x2019;&#xE9;mergence d&#x2019;un nouveau projet professionnel des &#xE9;ducateurs de jeunes enfants en cours de formation, c&#x2019;est le processus de professionnalisation et de construction identitaire engag&#xE9; au sein m&#xEA;me du processus de formation que nous &#xE9;tudierons et ceci, plus particuli&#xE8;rement en lien avec l&#x2019;exp&#xE9;rience pratique v&#xE9;cue au cours des stages (Wittorski, 2009). Le sujet en formation est, &#xE0; travers cette situation pratique, dans une posture de r&#xE9;flexion, de construction identitaire par sa rencontre et par sa participation &#xE0; des communaut&#xE9;s de pratiques. Dans sa confrontation &#xE0; autrui, le sujet met en jeu la r&#xE9;alisation et la continuit&#xE9; de soi. Les &#xE9;motions, les &#xE9;l&#xE9;ments biographiques sont convoqu&#xE9;s eux aussi (Bourgeois et Barbier, 2006), le sujet maintenant, sur le plan identitaire, sa continuit&#xE9;, son unicit&#xE9; &#xE0; travers le regard d&#x2019;autrui. Nous chercherons &#xE0; travers cet article &#xE0; articuler le processus de professionnalisation et de construction identitaire avec le concept de reliance, d&#xE9;velopp&#xE9; par Bolle de Bal (2003), dans le cadre de la formation en alternance des &#xE9;ducateurs de jeunes enfants.</subfield>
  </datafield>
  <datafield tag="520" ind1=" " ind2=" ">
    <subfield code="a">Although the context, such as the social policies or the professional world in mutation, highlights the emergence of a new professional project for educators of young children during their training period, the process of professionalization and the identity building involved during the training period will be more especially studied, in relation to the practical experience gathered during the internships (Wittorski, 2009). This experience awakes in the subject a reflection and a situation of identity building through the encounter and the interactions with practical communities. While confronting with others, the student involves the realization, the self-continuity. Emotions and biographical facts are involved as well (Bourgeois et Barbier, 2006), thus maintaining the subject&#x2019;s continuity and identity uniqueness through the perception of others. In this article, we will relate the process of professionalization and identity building to the concept of reliance, developed by Bolle de Bal (2003), within the scope of block-release training of educators of young children.</subfield>
  </datafield>
  <datafield tag="690" ind1=" " ind2=" ">
    <subfield code="a">reliance</subfield>
  </datafield>
  <datafield tag="690" ind1=" " ind2=" ">
    <subfield code="a">alternance</subfield>
  </datafield>
  <datafield tag="690" ind1=" " ind2=" ">
    <subfield code="a">Construction identitaire professionnelle</subfield>
  </datafield>
  <datafield tag="690" ind1=" " ind2=" ">
    <subfield code="a">professionnalisation</subfield>
  </datafield>
  <datafield tag="690" ind1=" " ind2=" ">
    <subfield code="a">&#x201C;reliance&#x201D;</subfield>
  </datafield>
  <datafield tag="690" ind1=" " ind2=" ">
    <subfield code="a">professional identity building</subfield>
  </datafield>
  <datafield tag="690" ind1=" " ind2=" ">
    <subfield code="a">block-release training</subfield>
  </datafield>
  <datafield tag="690" ind1=" " ind2=" ">
    <subfield code="a">professionalization</subfield>
  </datafield>
  <datafield tag="786" ind1="0" ind2=" ">
    <subfield code="n">Phronesis | 5 | 1 | 2016-04-01 | p. 4-15</subfield>
  </datafield>
  <datafield tag="856" ind1="4" ind2="1">
    <subfield code="u">https://shs.cairn.info/revue-phronesis-2016-1-page-4?lang=fr&amp;redirect-ssocas=7080</subfield>
  </datafield>
  <datafield tag="999" ind1=" " ind2=" ">
    <subfield code="c">781348</subfield>
    <subfield code="d">781348</subfield>
  </datafield>
</record>
